Administrative law and regulatory policy : Problems, texts, and cases

Guardado en:
Detalles Bibliográficos
Autor principal: Breyer, Stephen G.
Formato: Libro
Lenguaje:Undetermined
Publicado: Boston, Massachusetts Little, Brown and Co 1985
Materias:
Etiquetas: Agregar Etiqueta
Sin Etiquetas, Sea el primero en etiquetar este registro!
Thư viện lưu trữ: Trung tâm Học liệu Trường Đại học Cần Thơ
LEADER 00620nam a2200205Ia 4500
001 CTU_43401
008 210402s9999 xx 000 0 und d
082 |a 342.73 
082 |b B848 
100 |a Breyer, Stephen G. 
245 0 |a Administrative law and regulatory policy : 
245 0 |b Problems, texts, and cases 
245 0 |c Stephen G. Breyer, Richard B. Stewart 
260 |a Boston, Massachusetts 
260 |b Little, Brown and Co 
260 |c 1985 
650 |a Administrative law,United states 
650 |x Constitutional law 
904 |i Minh 
980 |a Trung tâm Học liệu Trường Đại học Cần Thơ